000 00835nam a2200265Ia 4500
003 OSt
005 20220928125035.0
006 a|||||r|||| 00| 0
007 ta
008 220927b |||||||| |||| 00| 0 eng d
020 _c13948.200000000001
024 _a124676
037 _b147, 09/10/2014, Classic Book Service
_cTextual
040 _aSDCL
_cSDCL
_beng
041 _2eng
_aeng
082 _aV1:5(Z)'P, Q3
100 _aSheeran Scott Ed.
_9467725
245 0 _aRoutledge handbook of international human rights law
260 _aLondon
_bRoutledge
_c2013
300 _axvi;791p.
_ccm.
650 _aPolitical Science
700 _a Rodley Nigel Ed.
_9467726
942 _hV1:5(Z)'P, Q3
_cTEXL
_2CC
999 _c780592
_d780592